| 000 | 01080nam a22004090a 4500 | ||
|---|---|---|---|
| 001 | PT41017 | ||
| 003 | AR-LpoUNG | ||
| 005 | 20210131230811.0 | ||
| 008 | 191001s2001||||sp |||||||||||||||||spa d | ||
| 020 |
_a8484321959 _c$6.50 |
||
| 040 |
_aAR-LpoUNG _bspa _cAR-LpoUNG _eaacr |
||
| 041 | _aspa | ||
| 044 | _asp | ||
| 082 | 0 | _a982.062 411fra | |
| 100 | 1 | _aSchwarzstein, Dora | |
| 245 | 1 | 0 |
_aEntre Franco y Perón : _bmemoria e identidad del exilio republicano español en Argentina |
| 260 |
_aBarcelona : _bCrítica, _c2001. |
||
| 300 |
_axxiv, 293 p. : _bil. |
||
| 650 | 4 | _aANALISIS HISTORICO | |
| 650 | 4 | _aARGENTINA | |
| 650 | 4 | _aASIMILACION DE MIGRANTES | |
| 650 | 4 | _aASPECTOS SOCIALES | |
| 650 | 4 | _aCOMUNIDADES | |
| 650 | 4 | _aESPAÑA | |
| 650 | 4 | _aGUERRA CIVIL | |
| 650 | 4 | _aHISTORIA POLITICA | |
| 650 | 4 | _aMIGRACIONES | |
| 650 | 4 | _aPOLITICA INTERNACIONAL | |
| 650 | 4 | _aREFUGIADOS | |
| 651 | 4 | _aAmérica Latina | |
| 653 | _aEXILIO | ||
| 653 | _aIDENTIDAD | ||
| 653 | _aPERONISMO | ||
| 653 | _aREPATRIACION | ||
| 905 | _a41017 | ||
| 942 | _cLIB | ||
| 999 |
_c6251 _d6251 |
||